| 000 | 00913 a2200277 4500 | ||
|---|---|---|---|
| 003 | BJBSDDR | ||
| 005 | 20240126155940.0 | ||
| 007 | ta | ||
| 008 | 290420s2005 ag ||||| |||| 00| 0 spa d | ||
| 020 | _a9789500726566 | ||
| 020 | _a9500726564 | ||
| 040 |
_bspa _cBJBSDDR |
||
| 041 | _aspa | ||
| 050 | 1 | 4 |
_a100 F 1408.3 _bC318a 2005 |
| 082 | 0 | 0 | _a980 |
| 100 | 1 |
_aCarriquiry Lecour, Guzmán, _d1944- _911972 |
|
| 245 | 1 | 4 |
_aUna apuesta por América Latina : _bmemoria y destino históricos de un continente / _cGuzmán Carriquiry. |
| 260 |
_aBuenos Aires : _bEditorial Sudamericana, _c2005 |
||
| 300 |
_a330 páginas ; _c23 cm. |
||
| 504 | _aIncluye referencias bibliográficas. | ||
| 650 | 4 |
_aGlobalización _xHistoria _94777 _zAmérica Latina |
|
| 651 | 4 |
_aAmérica Latina _xCivilización _94207 _ySiglo XX |
|
| 651 | 4 |
_aAmérica Latina _xHistoriografía _915945 |
|
| 942 |
_2lcc _cBK |
||
| 946 | _idpf | ||
| 999 |
_c114194 _d114194 |
||